000 004100000a22001690004500
020 _a84-670-0317-0
050 4 _aCD 036
110 1 _aReal Academia Española
245 1 0 _aDiccionario de la lengua española
250 _a22
260 _aMadrid : Espasa
001 13604
942 _cBK
999 _c42561
_d42561
336 _atexto
_btxt
_2rdacontent
337 _2rdamedia
_asin mediación
_bn
338 _2rdacarrier
_avolumen
_bnc